|
|
|
|
| LEADER |
00000nmm0a2200000 4500 |
| 001 |
140900 |
| 005 |
20231101220859.0 |
| 010 |
|
|
|a 9785948799186
|
| 035 |
|
|
|a (RuTPU)RU\TPU\book\152671
|
| 090 |
|
|
|a 140900
|
| 100 |
|
|
|a 20080714d2008 m y0rusy50 ca
|
| 101 |
0 |
|
|a rus
|
| 102 |
|
|
|a RU
|
| 105 |
|
|
|a a j 001zy
|
| 200 |
1 |
|
|a Трудовое право России
|e учебник для вузов
|f под ред. Е. Б. Хохлова, В. А. Сафонова
|
| 210 |
|
|
|a Москва
|c Юрайт
|d 2008
|
| 215 |
|
|
|a 672 с.
|c ил.
|
| 225 |
1 |
|
|a Прогрессивный учебник
|
| 318 |
|
|
|5 63413507
|a Безопасность жизнедеятельности. Охрана окружающей среды. Охрана труда
|b выставка
|
| 320 |
|
|
|a Алфавитно-предметный указатель: с. 669-671.
|
| 330 |
|
|
|a Настоящий учебник является уникальным сочетанием результата глубокого анализа современного трудового законодательства и новаторского подхода к изложению учебного материала. В нем удалось соединить возможности классического учебника и уникального учебно-практического издания. Учебник в системном изложении представляет сложные аспекты теории трудового права, связывает их с практикой в каждой отдельной теме, обращается к истории развития трудового законодательства и зарубежному опыту; содержит в тексте гиперссылки, способные связывать в единую систему все разделы учебного курса. Для закрепления полученных знаний учебник предлагает оригинальные вопросы и задания, а также сценарии ролевых игр для возможностей интерактивного общения обучающихся. Для удобства усвоения материла учебник выпущен в комплекте с CD-диском, содержащим программу учебного курса; практикум, включающий в себя задачи по трудовому праву, методические рекомендации для проведения ролевых игр, примерную тематику курсовых и дипломных работ; а также тексты нормативных актов, необходимых при изучении курса. При этом диск снабжен гиперссылками, позволяющими быстро найти нужный материал. Учебник подготовлен кафедрой трудового права и охраны труда юридического факультета Санкт-Петербургского государственного университета. Его структура и содержание соответствует государственному стандарту учебного курса «Трудовое право». Он способен стать незаменимым помощником преподавателям и студентам в их совместной работе. Кроме того, учебник может быть использован предпринимателями, руководителями организаций, представителями кадровых служб и юристами -практиками.
|
| 606 |
|
|
|a Трудовое право
|y Россия
|2 stltpush
|3 (RuTPU)RU\TPU\subj\61983
|9 79144
|
| 610 |
1 |
|
|a право
|
| 610 |
1 |
|
|a труд
|
| 610 |
1 |
|
|a трудовые правоотношения
|
| 610 |
1 |
|
|a социальное партнерство
|
| 610 |
1 |
|
|a занятость
|
| 610 |
1 |
|
|a трудоустройство
|
| 610 |
1 |
|
|a трудовой договор
|
| 610 |
1 |
|
|a нормирование
|
| 610 |
1 |
|
|a отдых
|
| 610 |
1 |
|
|a вознаграждение
|
| 610 |
1 |
|
|a оплата труда
|
| 610 |
1 |
|
|a охрана труда
|
| 610 |
1 |
|
|a ответственность
|
| 610 |
1 |
|
|a защита прав
|
| 610 |
1 |
|
|a трудовые споры
|
| 610 |
1 |
|
|a учебники
|
| 686 |
|
|
|a Х627я73
|v LBC/SL-A
|2 rubbk
|
| 702 |
|
1 |
|a Хохлов
|b Е. Б.
|g Евгений Борисович
|4 340
|
| 702 |
|
1 |
|a Сафонов
|b В. А.
|4 340
|
| 801 |
|
1 |
|a RU
|b 63413507
|c 20080714
|g PSBO
|
| 801 |
|
2 |
|a RU
|b 63413507
|c 20211201
|g PSBO
|
| 900 |
|
|
|a Трудовое законодательство
|
| 900 |
|
|
|a Право
|
| 900 |
|
|
|a Правоведение
|
| 942 |
|
|
|c MX
|
| 951 |
|
|
|a 521400
|b 030500
|b 030501
|
| 955 |
|
|
|a 521400
|
| 959 |
|
|
|a 72/20080714
|d 2
|e 499,00
|f АНЛ:1
|f ЧЗГЛ:1
|
| 959 |
|
|
|a 9/20090119
|d 2
|e 499,00
|f АНЛ:1
|f ЧЗГЛ:1
|